Understanding social inequality: (Record no. 194311)
[ view plain ]
| 000 -LEADER | |
|---|---|
| fixed length control field | 00657nam a22001937a 4500 |
| 005 - DATE AND TIME OF LATEST TRANSACTION | |
| control field | 20221214124558.0 |
| 010 ## - LCCN (DPL NO) | |
| LC control number | ENG-135777 |
| 020 ## - INTERNATIONAL STANDARD BOOK NUMBER | |
| International Standard Book Number | 9780230328495 |
| Terms of availability | 675.00 |
| 035 ## - SYSTEM CONTROL NUMBER | |
| System control number | EN-119309 |
| 037 ## - SOURCE OF ACQUISITION | |
| Source of stock number/acquisition | DBAD/PUB |
| 082 ## - DEWEY DECIMAL CLASSIFICATION NUMBER | |
| Classification number | 305.0954 |
| 245 ## - TITLE STATEMENT | |
| Title | Understanding social inequality: |
| Remainder of title | Concerns of human rights gender and environment/ |
| Statement of responsibility, etc | Ed by Motilal,Shashi,Nanda Bijayalaxmi |
| 260 ## - PUBLICATION, DISTRIBUTION, ETC. (IMPRINT) | |
| Place of publication, distribution, etc | New Delhi |
| Name of publisher, distributor, etc | 2/10,Ansari road,daryaganj, |
| Date of publication, distribution, etc | 2010 |
| 270 ## - ADDRESS | |
| Address | Macmillan pub. |
| City | NEW Delhi |
| Postal code | 110002 |
| 300 ## - PHYSICAL DESCRIPTION | |
| Extent | xii,417p. |
| Dimensions | 25cm(hb) |
| 700 ## - ADDED ENTRY--PERSONAL NAME | |
| Personal name | Ed.by Motilal Shashi |
| 700 ## - ADDED ENTRY--PERSONAL NAME | |
| Personal name | Ed.by Nanda Bijayalaxmi |
| 942 ## - ADDED ENTRY ELEMENTS (KOHA) | |
| Source of classification or shelving scheme | Dewey Decimal Classification |
| Item type | English Books |
| Classification part | 305.0954 |
| Call number suffix | UND |
| Withdrawn status | Lost status | Not for loan | Collection code | Home library | Current library | Date acquired | Source of acquisition | Cost, normal purchase price | Full call number | Barcode | Copy number | Cost, replacement price | Koha item type |
|---|---|---|---|---|---|---|---|---|---|---|---|---|---|
| Non-fiction | Ashok Vihar | Ashok Vihar | 14/12/2022 | DBAD/PUB | 675.00 | 305.0954 UND | EN-119309 | 1 | 675.00 | English Books |
